00933nam a2200265Ia 4500008004100000020001800041041000800059100003300067245010100100250002200201300006300223490002500286650002400311650002500335650003500360650002300395650003400418700002800452264005300480336002700533337003300560338002800593040003500621084001100656170328s9999 xx 000 0 und d a9786071608628 aspa aPerrault, Charles, 1628-1703 0aBarba azul /c adaptación del texto de Charles Perrault ; ilustrado por Christoph Wischniowski aPrimera edición a42 páginas :b ilustraciones en blanco y negro ;c 21 cm aClásicos del Fondo a Autores Franceses  a Desde Los 12 Años a Literatura Infantil Francesa  a Riqueza - Cuento  aCuentos Infantiles Franceses  aWischniowski, Christoph aMéxico :b Fondo de Cultura Económica,c2012 atextobtxt2rdacontent asin mediaciónbn2rdamedia avolumenbnc2rdacarrier aCO-BoRNBPbspaerdacCO-BoRNBP aC PER2